Dự án nâng cấp mạng lưới đường bộ: Đánh giá xã hội

保存先:
書誌詳細
団体著者: Bộ Giao thông vận tải
フォーマット: 図書
言語:Undetermined
出版事項: Hà Nội Ngân hàng Thế giới 2003
主題:
タグ: タグ追加
タグなし, このレコードへの初めてのタグを付けませんか!
Thư viện lưu trữ: Trung tâm Học liệu Trường Đại học Cần Thơ
LEADER 00716nam a2200205Ia 4500
001 CTU_62277
008 210402s9999 xx 000 0 und d
082 |a 361 
082 |b W927đbv 
110 |a Bộ Giao thông vận tải 
245 0 |a Dự án nâng cấp mạng lưới đường bộ: 
245 0 |b Đánh giá xã hội 
245 0 |c Bộ Giao thông vận tải, Cục Đường bộ Việt Nam và Ban quản lý dự án 18 
260 |a Hà Nội 
260 |b Ngân hàng Thế giới 
260 |c 2003 
650 |a developing countries 
650 |x social aspects 
904 |i Minh 
980 |a Trung tâm Học liệu Trường Đại học Cần Thơ